100 największych miast w Hiszpanii! - Statystyki

Ogólne statystyki
  • Ten quiz został rozwiązany 411 razy
    395 od ostatniego zresetowania
  • Średni wynik to 28 z 100
Statystyki odpowiedzi
Nr Miasta Wspólnoty Autonomiczne Ludność % Poprawnych
1 Madryt / Madrit - 3,266,126
99%
2 Barcelona Katalonia 1,636,762
98%
3 Walencja / Valencia Walencja 794,288
95%
4 Sewilla /Seville Andaluzja 688,592
89%
10 Bilbao Kraj Basków 346,843
87%
5 Saragossa / Zaragoza Aragonia 674,997
82%
6 Málaga Andaluzja 574,654
80%
7 Murcja / Murcia Murcja 453,258
80%
8 Palma de Mallorca / Palma Baleary 416,065
73%
9 Las Palmas de Gran Canaria / Las Palmas Wyspy Kanaryjskie 379,925
66%
62 Girona Katalonia 101,852
65%
18 A Coruña Galicja 245,711
63%
14 Vigo Galicja 295,364
61%
13 Valladolid Kastylia i León 298,412
60%
34 Donostia / San Sebastián Kraj Basków 187,415
59%
20 Granada Andaluzja 232,462
58%
11 Alicante Murcja 334,887
57%
35 Getafe - 183,374
57%
12 Kordoba / Córdoba Andaluzja 325,701
57%
29 Pampeluna / Pamplona Nawarra 201,653
57%
15 Gijón / Xixón Asturia 271,780
52%
23 Oviedo Asturia 219,686
52%
38 Santander Kantabria 172,539
51%
57 Cádiz Andaluzja 116,027
50%
79 Toledo Kastylia-La Mancha 84,873
50%
30 Almería Andaluzja 198,533
47%
19 Elche / Elx Walencja 232,517
46%
53 León Kastylia-León 124,303
44%
48 Tarragona Katalonia 134,515
38%
36 Burgos Kastylia i León 175,821
37%
65 Santiago de Compostela Galicja 97,260
37%
27 Albacete Kastylia-La Mancha 173,329
36%
80 Ceuta (Maroko, Afryka) 84,777
36%
33 Leganés - 189,861
36%
44 Salamanka / Salamanca Kastylia i León 144,228
36%
45 Huelva Andaluzja 143,663
32%
43 Badajoz Estremadura 150,702
31%
46 Marbella Andaluzja 143,386
28%
22 Badalona Katalonia 220,440
27%
58 Jaén Andaluzja 112,999
27%
28 Santa Cruz de Tenerife Wyspy Kanaryjskie 207,312
26%
17 Vitoria-Gasteiz Kraj Basków 251,774
25%
16 L'Hospitalet de Llobregat Katalonia 264,923
24%
47 Lleida Katalonia 138,956
23%
42 Logroño La Rioja 151,136
23%
40 Alcorcón Kastylia-La Mancha 170,514
22%
76 Melilla (Maroko, Afryka) 86,487
22%
26 Jerez de la Frontera Andaluzja 212,749
21%
25 Sabadell Katalonia 213,644
21%
24 Cartagena Murcja 214,802
20%
32 Fuenlabrada - 193,700
18%
78 Guadalajara Kastylia-La Mancha 85,871
18%
54 Algeciras Andaluzja 121,957
17%
64 Lugo Galicja 98,276
17%
21 Terrassa Katalonia 220,556
17%
56 Alcobendas - 117,040
14%
27 Móstoles - 209,184
14%
59 Ourense Galicja 105,233
14%
60 Reus Katalonia 104,373
14%
31 Alcalá de Henares - 195,649
12%
49 Dos Hermanas Andaluzja 133,968
12%
52 Mataró Katalonia 128,265
12%
67 Cáceres Estremadura 96,126
10%
39 Castellón de la Plana Walencja 171,728
9%
51 Parla - 130,124
9%
86 Pontevedra Galicja 83,029
9%
50 Torrejón de Ardoz - 131,376
9%
63 Barakaldo Kraj Basków 100,881
8%
70 Lorca Murcja 94,404
7%
96 Manresa Katalonia 77,714
7%
93 Palencia Kastylia-León 78,412
6%
69 San Fernando Andaluzja 94,979
6%
61 Telde Wyspy Kanaryjskie 102,647
6%
85 Torrevieja Walencja 83,337
6%
94 Avilés Asturia 78,182
5%
92 Fuengirola Andaluzja 80,309
5%
88 Torrent Walencja 82,208
5%
91 Arona Wyspy Kanaryjskie 81,216
4%
55 Santa Coloma de Gramenet Katalonia 119,215
4%
73 Cornellà de Llobregat Katalonia 88,592
3%
95 Getxo Kraj Basków 77,946
3%
41 San Cristóbal de La Laguna Wyspy Kanaryjskie 157,503
3%
72 San Sebastián de los Reyes - 89,276
3%
89 Coslada - 81,661
2%
83 El Ejido Andaluzja 83,594
2%
68 Las Rozas de Madrid - 95,814
2%
77 Pozuelo de Alarcón - 86,422
2%
66 Roquetas de Mar Andaluzja 96,800
2%
97 Rubí Katalonia 77,464
2%
82 Sant Boi de Llobregat Katalonia 83,605
2%
100 Alcalá de Guadaíra Andaluzja 75,279
1%
81 Chiclana de la Frontera Andaluzja 84,489
1%
87 Mijas Andaluzja 82,742
1%
98 Orihuela Walencja 77,414
1%
99 Valdemoro - 75,983
1%
90 Vélez-Málaga Andaluzja 81,643
1%
74 El Puerto de Santa María Andaluzja 88,405
0%
75 Rivas-Vaciamadrid - 88,150
0%
71 Sant Cugat del Vallès Katalonia 91,006
0%
84 Talavera de la Reina Kastylia-La Mancha 83,417
0%
Nie znaleziono quizów pasujących do podanych kryteriów
Rozkład punktacji
Procent ludzi z każdym wynikiem
Percentyl według liczby udzielonych odpowiedzi
Twoja historia wyników
Nie rozwiązałeś tego quizu od ostatniego zresetowania